Datum a čas kvízu
34
Celkem bodů
Celkový počet nahraných bodů na tomto kvízu bez doplňovacích otázek.
2.
Pořadí na kvízu
Konečné umístění týmu na tomto kvízu.
Zaznamenané odpovědi
| # | Otázka | Odpověď | Body | Výsledky |
|---|---|---|---|---|
| 1. | V úterý bylo ve Vladislavském... | David Kratochvíl; plavání | 1 | |
| 2. | V oblasti okolo černobylské ja... | o modrou barvu | 1 | |
| 3. | Minulý týden jsme se dozvěděli... | Pevnost Boyard; Paklíč (Klíčník) | 1 | |
| 4. | Která automobilka představila... | Mazda | 1 | |
| 5. | Který český hokejista podepsal... | Martin Nečas | 0 | |
| 6. | Ačkoliv je čas večeře, věnujem... | vejce; slaninu | 1 | |
| 7. | Od slané ke sladké snídani. V... | javorový sirup | 1 | |
| 8. | „Snídaně v trávě“ není název: | D | 0 | |
| 9. | V Krkonoších, v místě zvaném K... | Mumlava | 1 | |
| 10. | Mnozí z nás si snídani bez káv... | třešně | 0 |